| 000 | 00508ngm a2200181 a 4500 | ||
|---|---|---|---|
| 005 | 20220519135441.0 | ||
| 008 | 991125s1972 ea 030 aaspa u | ||
| 035 | _aUPN01000019496 | ||
| 049 | _aAV | ||
| 050 | 4 | _aPPE 9 | |
| 100 | 1 | _aSanders, Denis | |
| 245 | 1 | 0 |
_aEnergía [película] / _cDenis Sanders. |
| 260 |
_aNew York : _bMcGraw-Hill, _c1972. |
||
| 300 |
_aSumario: _bTrata sobre la energia solar |
||
| 650 | 2 |
_aEnergía solar _98272 |
|
| 650 | 2 |
_aFuentes de energía _916071 |
|
| 905 | _aAudiovisuales | ||
| 999 |
_c19496 _d19496 |
||